• 首页
  • 本馆介绍
  • 公告通知
  • 最新文献
  • 馆藏检索
  • 电子资源
  • 读者导购
  • 参考咨询
  • 我的图书馆
  • 登录
  • 详细信息显示
  • 放入我的书架
  • 预约/预借图书
  • 作者相关作品
  • 分类相关作品
  • 丛书相关作品
  • 出版社相关作品

书目信息

  • 表格格式
  • 工作单格式
  • 卡片格式
题名:
读书的方法与技巧
    
 
作者: ;中国编辑学会 编
分册:  
出版信息: 北京   人民出版社  2018
页数: 252页
开本: 19cm
丛书名:
单 册:
中图分类: G792-53
科图分类:
主题词: 读书方法--du shu fang fa--文集
电子资源:
ISBN: 978-7-01-019607-7
000 00967nam0 2200241 450
001 012001002613
005 20131029173307.0
010    @a978-7-01-019607-7@b精装@dCNY49.80
099    @aCAL 012018179446
100    @a20181121d2018 em y0chiy50 ea
101 0  @achi
102    @aCN@b110000
105    @aa z 000yy
106    @ar
200 1  @a读书的方法与技巧@Adu shu de fang fa yu ji qiao@f中国编辑学会编
210    @a北京@c人民出版社@d2018
215    @a252页@c图@d19cm
330    @a本书所收文章的作者均为中国现代史上的文化巨擘,包括梁启超、胡适、蔡元培、鲁迅、朱自清、老舍等。所选文章主要侧重读书的技巧与方法,如包含梁启超在清华大学的讲义《要籍解题及其读法》的一部分,主要讲如何读四书及《诗经》《史记》,胡适的《读书杂谈》《读书》,鲁迅的《随便翻翻》等。
606 0  @a读书方法@Adu shu fang fa@j文集
690    @aG792-53@v5
711 02 @a中国编辑学会@Azhong guo bian ji xue hui@4编
801  0 @aCN@b江苏凤凰@c20191020
905    @b1229733-6@dG792-53@e1356@f4
    
    读书的方法与技巧/中国编辑学会编.-北京:人民出版社,2018
    252页:图;19cm
    
    
    ISBN 978-7-01-019607-7(精装):CNY49.80
    本书所收文章的作者均为中国现代史上的文化巨擘,包括梁启超、胡适、蔡元培、鲁迅、朱自清、老舍等。所选文章主要侧重读书的技巧与方法,如包含梁启超在清华大学的讲义《要籍解题及其读法》的一部分,主要讲如何读四书及《诗经》《史记》,胡适的《读书杂谈》《读书》,鲁迅的《随便翻翻》等。
●
相关链接 在E读中查询图书 在五车中查询图书 在当当中查询图书 在豆瓣中查询图书


正题名:读书的方法与技巧     索取号:G792-53/1356         预约/预借

序号 登录号 条形码 馆藏地/架位号 状态 备注
1 1229733   212297334   第一样本阅览室/ [索取号:G792-53/1356] 在馆    
2 1229734   212297343   教育系资料室/ [索取号:G792-53/1356] 在馆    
3 1229735   212297352   教育系资料室/ [索取号:G792-53/1356] 在馆    
4 1229736   212297361   第四借阅区/ [索取号:G792-53/1356] 在馆    
唐山师范学院图书馆 欢迎您!
大连网信软件有限公司© 版权所有